Central Library OPAC University of Rajshahi

Inhibitions, Symptoms and Anxiety / (Record no. 68591)

MARC details
000 -LEADER
fixed length control field 01029nam a2200289 a 4500
001 - CONTROL NUMBER
control field 68591
003 - CONTROL NUMBER IDENTIFIER
rucl marc code BD-RjUL
005 - DATE AND TIME OF LATEST TRANSACTION
control field 20211209081805.0
008 - FIXED-LENGTH DATA ELEMENTS--GENERAL INFORMATION
fixed length control field 170403s1936 enk 001 0 eng d
035 ## - SYSTEM CONTROL NUMBER
System control number (BD-RjUL)68801
System control number (OCoLC)1906870
040 ## - CATALOGING SOURCE
Original cataloging agency DLC
Transcribing agency FMU
Modifying agency OCoLC
-- DLC
-- BD-RjUL
Language of cataloging eng
041 ## - LANGUAGE CODE
Language code of text/sound track or separate title eng
082 ## - DEWEY DECIMAL CLASSIFICATION NUMBER
Edition number 23
Classification number 150.195
Author mark and year FRI 1936
100 1# - MAIN ENTRY--PERSONAL NAME
Personal name Freud, Sigmund,
Dates associated with a name 1856-1939.
9 (RLIN) 131465
245 10 - TITLE STATEMENT
Title Inhibitions, Symptoms and Anxiety /
Statement of responsibility, etc. Sigmund Freud ... authorized translation by Alix Strachey.
260 ## - PUBLICATION, DISTRIBUTION, ETC. (IMPRINT)
Place of publication, distribution, etc. London :
Name of publisher, distributor, etc. Pub. by L and Virginia Woolf at the Hogarth Press, and the Institute of Psycho-analysis,
Date of publication, distribution, etc. 1936
300 ## - PHYSICAL DESCRIPTION
Pagination 179 p. :
Size 23 cm.
500 ## - GENERAL NOTE
General note Includes index
650 #0 - SUBJECT ADDED ENTRY--TOPICAL TERM
Topical term or geographic name as entry element Psychoanalysis.
9 (RLIN) 203310
Topical term or geographic name as entry element Fear.
9 (RLIN) 202706
Topical term or geographic name as entry element Neuroses.
9 (RLIN) 203311
700 1# - ADDED ENTRY--PERSONAL NAME
Personal name Strachey, Alix,
830 ## - SERIES ADDED ENTRY--UNIFORM TITLE
Uniform title The international psycho-analytical library ...
Volume number/sequential designation No. 28
942 ## - ADDED ENTRY ELEMENTS (KOHA)
Source of classification or shelving scheme Dewey Decimal Classification
Koha item type Books
Holdings
Lost status Source of classification or shelving scheme Damaged status Not for loan Collection code Permanent Location Current Location Shelving location Date acquired Source of acquisition Cost, normal purchase price Total Checkouts Full call number Date last seen Copy number Koha item type
  Dewey Decimal Classification   Not For Loan Non-fiction Central Library, University of Rajshahi Central Library, University of Rajshahi Reading Room 07/03/1956 B.H. Blackwell 60.00   150.195 FRI 1936 23/04/2017 C-1 Books